Normal view
MARC view
Entry Personal Name
001 - CONTROL NUMBER
- control field: 12461
003 - CONTROL NUMBER IDENTIFIER
- control field: ARRUPE
005 - DATE AND TIME OF LATEST TRANSACTION
- control field: 20141107110816.0
008 - FIXED-LENGTH DATA ELEMENTS
- fixed length control field: 141107|| aca||aabn | a|a d
040 ## - CATALOGING SOURCE
- Original cataloging agency: ARRUPE
- Transcribing agency: ARRUPE
100 ## - HEADING--PERSONAL NAME
- Personal name: Lincoln, Abraham,
- Dates associated with a name: 1809-1865
- General subdivision: Friends and associates.
670 ## - SOURCE DATA FOUND
- Source citation: Work cat.: (ARRUPE)0: Lamon, Ward Hill, 1828-1893. 12460, Recollections of Abraham Lincoln /, c1994.